[Event "WEM-IMT 2018"]
[Site "Illertissen"]
[Date "2018.09.02"]
[Round "9"]
[White "Pikula, Dejan"]
[Black "Baburin, Alexander"]
[Result "1-0"]
[WhiteElo "2466"]
[BlackElo "2458"]
[Annotator "TA"]
[PlyCount "57"]
[EventDate "2018.08.25"]
[EventType "tourn"]
[EventCountry "GER"]
[SourceTitle "playchess.com"]
[Source "ChessBase"]
[SourceQuality "1"]

{[%evp 20,57,3,9,68,39,90,91,156,164,174,179,168,152,175,106,104,106,138,114,112,108,572,565,1140,490,497,497,478,472,437,438,438,431,431,429,416,410,575,573]} 1. d4 d5 2. Bf4 Nf6 3. e3 e6 4. Nf3 c5 5. Nbd2 Nc6 6. c3 Bd6 7. Bg3 O-O 8. Bd3 b6 9. Qe2 {D02: Damenbauernspiele} (9. e4 Be7 10. e5 Nh5 11. Nf1 cxd4 12. Nxd4 Nxd4 13. cxd4 g6 14. Ne3 f5 15. exf6 Bxf6 16. Be2 Nxg3 17. hxg3 {½-½ (37) Nakamura,H (2787)-Svidler,P (2760) Moscow 2018}) 9... Bb7 10. Rd1 Re8 11. e4 {[#] LiveBook: 27 Partien. Droht e5 und aus.Die Stellung ist ausgeglichen.} dxe4 (11... Be7 $11) 12. Nxe4 $14 Bxg3 $146 ({Lieber} 12... Nxe4 $14 13. Bxe4 cxd4) ({Vorgänger:} 12... Nxe4 13. Bxe4 cxd4 14. Nxd4 Nxd4 15. Rxd4 Bd5 16. O-O Bc5 {1-0 (37) Szabo,B (2254)-Pasztor,F (2265) Hungary 2016}) 13. hxg3 $16 {zielt auf Sxf6+ ab.} cxd4 (13... Nxe4 $142 14. Bxe4 f5) 14. Nxf6+ Qxf6 15. Bxh7+ Kf8 16. Be4 {[%cal Rc3d4]} (16. cxd4 g6 $11) 16... Rad8 17. Rh8+ (17. Bxc6 $18 Bxc6 18. Ne5 (18. Nxd4 Bxg2 19. Rh8+ Ke7 $14) (18. cxd4 Qf5 $11) 18... Bxg2 19. Rh8+ Ke7 20. Rxe8+ Kxe8 21. Qb5+ (21. Rxd4 Rxd4 22. cxd4 Qf5 $11) 21... Kf8 22. Nd7+ Rxd7 23. Qxd7 Qe5+ 24. Kd2 dxc3+ 25. bxc3) 17... Ke7 18. Rxe8+ Rxe8 19. Bxc6 Bxc6 20. Ne5 Bxg2 $2 {[%mdl 8192]} (20... Rc8 $16 {leistet mehr Widerstand.}) 21. Rxd4 $18 Qh6 22. Qb5 (22. Qc4 $142 {Weiss droht Dc7+ und Matt.} Qh1+ 23. Kd2) 22... Kf8 23. Nd7+ Kg8 {[#]} 24. Nf6+ $1 {[%mdl 512]} Qxf6 (24... gxf6 25. Qxe8+) 25. Qxe8+ Kh7 26. Rh4+ Kg6 {beabsichtigt ...De5+.} 27. Qb5 {[%csl Gh4][%cal Rb5h5]} e5 28. Qd3+ e4 (28... Qf5 $142 29. Rg4+ Kf6 30. Qd6+ Qe6 31. Qd8+ Qe7) 29. Qd7 {Precision: Weiß = 77%, Schwarz = 23%.} 1-0

[Event "WEM-IMT 2018"]
[Site "Illertissen"]
[Date "2018.09.02"]
[Round "9"]
[White "Ochsner, Bjorn Moller"]
[Black "Haba, Petr"]
[Result "1/2-1/2"]
[WhiteElo "2462"]
[BlackElo "2436"]
[Annotator "TA"]
[PlyCount "90"]
[EventDate "2018.08.25"]
[EventType "tourn"]
[EventCountry "GER"]
[SourceTitle "playchess.com"]
[Source "ChessBase"]
[SourceQuality "1"]

{[%evp 14,90,83,55,60,59,56,47,112,50,49,47,50,54,41,43,56,26,35,28,38,36,39,10,41,18,18,18,19,20,46,23,41,0,0,0,0,0,0,0,0,0,0,0,0,0,0,0,0,0,0,0,0,0,0,0,0,0,0,0,0,0,0,0,0,0,0,0,0,0,0,0,0,0,0,0,0,0,0]} 1. e4 e5 2. Bc4 Nf6 3. d3 c6 4. Nf3 d5 5. Bb3 Bb4+ 6. Bd2 {C24: Bishop's Opening: 2...Nf6} Bxd2+ 7. Qxd2 (7. Nbxd2 a5 8. c3 Nbd7 9. exd5 cxd5 10. O-O O-O 11. Re1 Re8 12. Nf1 b5 13. a4 b4 14. cxb4 axb4 15. Ne3 {1-0 (77) Carlsen,M (2843)-Caruana,F (2822) Stavanger 2018}) 7... Nbd7 {[#]} 8. exd5 $1 {LiveBook: 3 Games. White is better.} cxd5 9. O-O O-O 10. Re1 a5 {[#]} (10... Qe7 $14) 11. a4 $146 ({Wrong is} 11. Nxe5 $2 Nxe5 12. Rxe5 a4 $17) (11. Nc3 $1 $16) ({Predecessor:} 11. Nc3 d4 12. Nb5 Qb6 13. Bc4 {1-0 (70) Short,N (2655)-Anton Guijarro,D (2616) Madrid 2016}) 11... e4 $14 12. dxe4 dxe4 13. Ng5 Qe7 14. Nc3 {[%cal Rc3e4]} Nc5 $1 15. Qf4 (15. Ngxe4 {with more complications.} Nfxe4 16. Nxe4 Nxb3 17. cxb3 Rd8 18. Qc3) 15... h6 16. Ngxe4 Nfxe4 17. Nxe4 Nxb3 18. cxb3 (18. Nd2 {is more complex.} Qc5 19. cxb3 Be6 20. Rac1 Qb4 21. Re4) 18... Ra6 19. Rac1 (19. Rad1 {seems wilder.} Re6 20. Re3 b6 21. Nc3 Rd8 22. Nd5) 19... Qb4 20. Qd2 Qxd2 21. Nxd2 Be6 22. Kf1 Rd8 23. Re2 Rb6 {The position is equal.} 24. Rc3 Rb4 25. Ke1 b5 26. axb5 Rxb5 27. f3 Rdb8 28. Ree3 h5 29. Kf2 g6 30. h3 Kg7 31. g4 hxg4 32. hxg4 a4 33. bxa4 Rxb2 34. Red3 Ra2 35. Ra3 {Black must now prevent Rxa2.} Rbb2 36. Rxa2 Rxa2 $11 {[%mdl 4096] Endgame KRB-KRN} 37. Rd4 Bb3 38. Ke3 Bxa4 39. Rd6 Ra3+ 40. Kf4 Bd1 41. g5 Bc2 42. Rf6 Ra4+ 43. Ke3 Ra3+ 44. Kf2 Ra5 45. f4 Bf5 {Precision: White = 72%, Black = 74%.} 1/2-1/2

[Event "WEM-IMT 2018"]
[Site "Illertissen"]
[Date "2018.09.02"]
[Round "9"]
[White "Kvetny, Mark"]
[Black "Krassowizkij, Jaroslaw"]
[Result "1/2-1/2"]
[WhiteElo "2421"]
[BlackElo "2439"]
[Annotator "TA"]
[PlyCount "60"]
[EventDate "2018.08.25"]
[EventType "tourn"]
[EventCountry "GER"]
[SourceTitle "playchess.com"]
[Source "ChessBase"]
[SourceQuality "1"]

{[%evp 40,60,0,0,0,0,0,0,0,0,0,0,0,0,0,0,0,0,0,0,0,0,0]} 1. d4 Nf6 2. c4 g6 3. Nc3 d5 4. Bf4 Bg7 5. e3 O-O 6. Nf3 c5 7. dxc5 Qa5 8. Rc1 dxc4 9. Bxc4 Qxc5 10. Bb3 Nc6 11. O-O Qa5 12. h3 Bf5 13. Qe2 Ne4 14. Nd5 e5 15. Bh2 Be6 16. Rfd1 Rfd8 17. Qc4 {D93: Grünfeld: 4 Nf3 Bg7 5 Bf4 0-0 6 e3} Nf6 18. e4 Rac8 19. Ng5 Nd4 20. Ne7+ Kf8 21. Nxe6+ {LiveBook: 16 Games. The position is equal.} Kxe7 22. Nxd8 ({Not} 22. Qa4 $2 Qxa4 23. Bxa4 Kxe6 $19) 22... Rxc4 23. Bxc4 Nxe4 ({Reject} 23... Kxd8 $6 24. b4 $16) 24. Nxf7 Qb6 {Hoping for ...Nf3+!} (24... Qc5 25. Re1 Nf3+ 26. gxf3 Qxf2+ 27. Kh1 Qxf3+ 28. Kg1 Qf2+ {½-½ (28) Turov,M (2610)-Rakhmanov,A (2669) Finland 2018}) 25. Nxe5 Bxe5 26. Bxe5 Nf3+ $1 27. gxf3 Qxf2+ 28. Kh1 Qxf3+ 29. Kh2 {[#]} Qf2+ $146 30. Kh1 Qf3+ 1/2-1/2

[Event "WEM-IMT 2018"]
[Site "Illertissen"]
[Date "2018.09.02"]
[Round "9"]
[White "Sinz, Bernhard"]
[Black "Hirneise, Jens"]
[Result "0-1"]
[WhiteElo "2377"]
[BlackElo "2344"]
[Annotator "TA"]
[PlyCount "92"]
[EventDate "2018.08.25"]
[EventType "tourn"]
[EventCountry "GER"]
[SourceTitle "playchess.com"]
[Source "ChessBase"]
[SourceQuality "1"]

{[%evp 26,92,43,39,49,56,44,18,33,-35,-25,-35,-47,-52,-43,-35,-60,-39,-54,-64,-68,-73,-66,-171,-175,-285,-315,-305,-300,-345,-264,-264,-229,-484,-464,-423,-401,-546,-549,-940,-900,-849,-418,-418,-276,-832,-750,-654,-578,-375,-331,-12833,-12832,-6660,-2452,-12840,-12840,-12844,-12844,-12844,-12840,-12841,-12840,-12845,-5618,-12847,-12846,-12847,-12847]} 1. e4 c5 2. Nf3 Nc6 3. d4 cxd4 4. Nxd4 Nf6 5. Nc3 d6 6. Bg5 e6 7. Qd2 a6 8. O-O-O Bd7 9. f4 h6 10. Bh4 b5 11. Bxf6 {B67: Sicilian: Richter-Rauzer: 7...a6 8 0-0-0 Bd7, lines without 9 f4 Be7} gxf6 12. Kb1 (12. f5 Qb6 13. fxe6 fxe6 14. Nxc6 Qxc6 15. Bd3 h5 16. Kb1 b4 17. Ne2 Qc5 18. Rhf1 Bh6 {1-0 (42) Karjakin,S (2760)-Caruana,F (2794) Moscow 2016 CBM 172 [Karjakin,S]}) 12... Qb6 13. Nxc6 Bxc6 14. f5 {LiveBook: 3 Games} O-O-O 15. fxe6 fxe6 {[#]} 16. Qf4 $146 ({Predecessor:} 16. Bd3 Qc5 17. Ne2 Bg7 18. Nf4 Rhe8 {1-0 (51) Vuckovic,B (2576)-Roganovic,M (2502) Montenegro 2017}) 16... Be7 {[%cal Bf8e7,Be7g5,Bg5e3][%mdl 32]} 17. g3 ({White should try} 17. Qg4 $14) 17... b4 18. Ne2 {[#]} f5 $1 {[%mdl 512] ...Bg5 is the strong threat.} 19. Bg2 (19. exf5 Bxh1) 19... Bg5 20. Qf1 Bxe4 21. Bxe4 fxe4 22. h4 Be3 $1 $36 {[%mdl 2048] Black fights for an advantage.} 23. Qf6 d5 24. Rhf1 {[#]} (24. Nf4 $1 $15) 24... Rhf8 $1 $19 {[%mdl 512]} 25. Qxf8 (25. Qg6 {was called for.}) 25... Rxf8 26. Rxf8+ Kd7 27. g4 Ke7 28. Rdf1 Bd2 29. Ng3 $2 (29. R8f2) 29... Qe3 30. Nh5 Qe2 31. Ng7 Qxg4 32. Re8+ Kd6 33. Rxe6+ Qxe6 (33... Kc5 $142 34. a3 Qxg7 35. axb4+ Kxb4) 34. Nxe6 Kxe6 {[%mdl 4096] Endgame KR-KB} 35. c3 $2 (35. Rf8 d4 36. a3) 35... bxc3 36. Kc2 d4 {Threatens to win with ...d3+.} 37. bxc3 Bxc3 38. Rb1 $2 (38. Rf4 Ke5 39. Rf7) 38... Ba5 {Black is clearly winning.} 39. Rb8 d3+ (39... Kd5 $142 40. Rb3 d3+ 41. Kd1 h5) 40. Kd1 Kd5 41. Rf8 Kd4 42. Rf5 Bd8 43. Rf4 Ke5 44. Rg4 Kf5 (44... Ba5 $142 45. Rg8 e3 46. Re8+ Kf4) 45. Rg7 e3 {[%cal Be4e3,Be3e2][%mdl 32]} 46. Rd7 e2+ {Precision: White = 33%, Black = 78%.} 0-1

[Event "WEM-IMT 2018"]
[Site "Illertissen"]
[Date "2018.09.02"]
[Round "9"]
[White "Fischer, Sebastian"]
[Black "Kabisch, Thilo"]
[Result "0-1"]
[WhiteElo "2292"]
[BlackElo "2314"]
[Annotator "NA"]
[PlyCount "210"]
[EventDate "2018.08.25"]
[EventType "tourn"]
[EventCountry "GER"]
[SourceTitle "playchess.com"]
[Source "ChessBase"]
[SourceQuality "1"]
[TimeControl "40/6000+30:3000+30"]

1. d4 {[%emt 0:00:00]} Nf6 {[%emt 0:08:03]} 2. Nf3 {[%emt 0:00:00]} b6 {[%emt 0:00:12]} 3. Bf4 {[%emt 0:01:46]} Bb7 {[%emt 0:01:10]} 4. h3 {[%emt 0:00:43]} e6 {[%emt 0:00:45]} 5. e3 {[%emt 0:01:46]} Be7 {[%emt 0:05:02]} 6. Nbd2 {[%emt 0:04:41]} O-O {[%emt 0:00:55]} 7. Bd3 {[%emt 0:00:50]} c5 {[%emt 0:00:38]} 8. c3 {[%emt 0:00:12] LiveBook: 336 Games} d6 {[%emt 0:05:33]} 9. O-O {[%emt 0:04:58]} a6 {[%emt 0:01:22]} 10. a4 {[%emt 0:07:08] A47: 1 d4 Nf6 2 Nf3 b6: Torre, London and Colle Systems} (10. Qe2 cxd4 11. cxd4 Nc6 12. Rad1 Re8 13. Ne4 g6 14. Rfe1 b5 15. a4 bxa4 16. Nxf6+ Bxf6 17. Qc2 Ne7 18. Qxa4 Bxf3 19. gxf3 {0-1 (35) Bagheri,A (2520)-Milov,V (2652) Bastia 2005}) 10... Nc6 {[%emt 0:05:14]} 11. Qe2 {[%emt 0:03:15]} Re8 {[%emt 0:00:58]} 12. Rad1 $146 {[%emt 0:09:03]} ({Predecessor:} 12. Rfd1 Bf8 13. Bg5 cxd4 14. exd4 Ne7 15. h4 Ned5 16. c4 Nb4 17. Bb1 h6 18. Bxf6 Qxf6 {0-1 (55) Jacobsen,M (2090)-Barlag,C (2203) Werther 2014}) 12... Qc7 {[%emt 0:10:43]} 13. Bh2 {[%emt 0:07:52]} e5 {[%emt 0:07:59]} 14. dxc5 {[%emt 0:09:01]} bxc5 {[%emt 0:03:18]} 15. e4 {[%emt 0:00:35]} Nd8 {[%emt 0:02:23]} 16. b4 {[%emt 0:05:08]} Ne6 {[%emt 0:02:50]} 17. Bc4 {[%emt 0:08:20]} Nd7 {[%emt 0:05:34]} 18. Rc1 {[%emt 0:08:30]} a5 {[%emt 0:08:49]} 19. b5 {[%emt 0:02:28]} Nb6 {[%emt 0:00:15]} ({Black should play} 19... Nf4 $14 20. Qe3 Ne6) 20. Bb3 {[%emt 0:00:11]} (20. Bxe6 $16 fxe6 21. Nc4) 20... c4 {[%emt 0:02:59]} 21. Nxc4 {[%emt 0:02:39]} Nxc4 {[%emt 0:00:34]} 22. Bxc4 {[%emt 0:01:52]} Nc5 {[%emt 0:01:19]} 23. Qa2 {[%emt 0:02:48]} Rf8 {[%emt 0:02:26]} 24. Bd5 {[%emt 0:08:10]} Nxe4 {[%emt 0:00:38]} 25. Bxb7 {[%emt 0:01:37]} Qxb7 {[%emt 0:00:18]} 26. c4 {[%emt 0:00:46]} Rac8 {[%emt 0:01:22] [#]} 27. Nd2 $1 {[%emt 0:01:40]} Bg5 {[%emt 0:14:21]} 28. Nxe4 {[%emt 0:00:04]} Qxe4 {[%emt 0:00:05]} 29. Rfe1 {[%emt 0:00:35]} Qd4 {[%emt 0:01:32]} 30. Red1 {[%emt 0:02:42]} Qc5 {[%emt 0:02:31] [#]} 31. Rc3 {[%emt 0:00:52]} (31. Rc2 $1 $16) 31... h6 {[%emt 0:01:38]} ({Günstiger ist} 31... Rfd8 $14) 32. Kh1 {[%emt 0:02:44]} Rc7 {[%emt 0:01:39]} (32... Rfe8 $142 33. Bg1 Qc7) 33. Bg1 {[%emt 0:02:14]} Qb4 {[%emt 0:00:10]} 34. Rb3 $2 {[%emt 0:01:56]} ({White has to play} 34. Rc2 $18) 34... Qxc4 {[%emt 0:00:34]} 35. b6 {[%emt 0:00:37]} Rb7 {[%emt 0:05:54]} 36. Qb1 {[%emt 0:02:13]} Be7 {[%emt 0:01:54]} 37. Rc1 {[%emt 0:01:30]} Qxa4 {[%emt 0:01:21]} 38. Rc7 $2 {[%emt 0:02:20]} (38. Rb5 $15) 38... Rfb8 {[%emt 0:00:19]} 39. f3 {[%emt 0:00:44]} Bd8 {[%emt 0:02:17]} 40. Rxb7 {[%emt 0:04:20]} Rxb7 {[%emt 0:00:06]} 41. Rb5 $1 {[%emt 0:50:36]} g6 {[%emt 0:07:09] [#]} (41... Qc4 $1 $11 {remains equal.}) 42. Qd3 $1 {[%emt 0:00:00]} Bg5 $2 {[%emt 0:11:21]} (42... Qh4 $16 {is a better chance.}) 43. Rd5 {[%emt 0:00:00]} Qa1 {[%emt 0:13:55]} 44. Rxd6 {[%emt 0:00:00]} Qe1 {[%emt 0:08:14]} 45. Qb3 {[%emt 0:00:00]} ({Don't blunder} 45. Qd5 $2 {[#]} Be3 $1 $19 {[%mdl 512]}) 45... a4 {[%emt 0:07:07]} 46. Qxa4 {[%emt 0:00:00]} Kg7 {[%emt 0:05:45]} 47. Rd1 {[%emt 0:00:00]} Qe2 {[%emt 0:00:08]} 48. Rb1 {[%emt 0:00:00]} Bf4 {[%emt 0:02:12]} 49. Qc6 {[%emt 0:00:00]} Qa6 {[%emt 0:00:32]} 50. Qe4 {[%emt 0:00:00]} h5 {[%emt 0:00:24]} 51. Qc6 {[%emt 0:00:00]} h4 {[%emt 0:01:32]} 52. Bh2 {[%emt 0:00:00]} Qd3 {[%emt 0:00:30]} 53. Qb5 {[%emt 0:02:20]} (53. Rc1 $16 Qd7 54. Bxf4 Qxc6 55. Bxe5+ (55. Rxc6 exf4 56. Kg1 Rd7 $14) 55... Qf6 56. Bxf6+ Kxf6 57. Rb1) 53... Qxb5 {[%emt 0:00:24]} 54. Rxb5 {[%emt 0:00:04]} Bxh2 {[%emt 0:00:09]} 55. Kxh2 {[%emt 0:00:03]} Kf6 {[%emt 0:00:06]} 56. Kg1 {[%emt 0:02:36]} Ke6 {[%emt 0:00:42]} 57. Kf2 {[%emt 0:00:52]} Kd6 {[%emt 0:00:36]} 58. f4 {[%emt 0:01:46]} exf4 {[%emt 0:00:21]} 59. Kf3 {[%emt 0:00:26]} Kc6 {[%emt 0:00:26]} 60. Rb4 {[%emt 0:01:17]} g5 {[%emt 0:00:27]} 61. Kg4 {[%emt 0:00:48]} f6 {[%emt 0:00:06]} 62. Rc4+ {[%emt 0:00:26]} Kd5 {[%emt 0:00:18]} 63. Rb4 {[%emt 0:00:02]} Kc5 {[%emt 0:00:05]} 64. Rb2 {[%emt 0:00:49]} Rxb6 {[%emt 0:00:05]} 65. Re2 {[%emt 0:00:19]} Kd4 {[%emt 0:00:43]} 66. Kf5 {[%emt 0:00:03]} Kd3 {[%emt 0:00:06]} 67. Ra2 {[%emt 0:00:59]} Ke3 {[%emt 0:00:34]} 68. Rc2 {[%emt 0:00:28]} Rd6 {[%emt 0:00:42]} 69. Ra2 {[%emt 0:00:27]} Rd2 {[%emt 0:01:06]} 70. Ra3+ {[%emt 0:00:19]} Rd3 {[%emt 0:00:12]} 71. Ra2 {[%emt 0:00:08]} Rd2 {[%emt 0:00:51]} 72. Ra3+ {[%emt 0:00:04]} Kf2 {[%emt 0:00:07]} 73. Kxf6 {[%emt 0:00:09]} Kxg2 {[%emt 0:00:12]} 74. Kxg5 {[%emt 0:00:13]} f3 {[%emt 0:00:25]} 75. Kxh4 {[%emt 0:00:11]} Rd4+ {[%emt 0:00:44]} 76. Kg5 {[%emt 0:00:06]} f2 {[%emt 0:00:04]} 77. Ra2 {[%emt 0:00:16]} Ra4 {[%emt 0:02:33]} 78. Rxa4 {[%emt 0:02:44]} f1=Q {[%emt 0:00:11]} 79. Rg4+ {[%emt 0:00:25]} Kh2 {[%emt 0:00:08]} 80. h4 {[%emt 0:00:19]} Qf7 {[%emt 0:00:27]} 81. h5 {[%emt 0:00:21]} Qg7+ {[%emt 0:00:14]} 82. Kf5 {[%emt 0:01:17]} Qh7+ {[%emt 0:00:24]} 83. Kg5 {[%emt 0:00:10]} Qg7+ {[%emt 0:00:57]} 84. Kf5 {[%emt 0:00:10]} Qh6 {[%emt 0:00:05]} 85. Rh4+ {[%emt 0:01:35]} Kg3 {[%emt 0:00:08]} 86. Rg4+ {[%emt 0:00:14]} Kh3 {[%emt 0:00:22]} 87. Re4 {[%emt 0:01:05]} Qxh5+ {[%emt 0:00:13]} 88. Ke6 {[%emt 0:00:03]} Kg3 {[%emt 0:00:23]} 89. Re5 {[%emt 0:00:13]} Qh7 {[%emt 0:00:12]} 90. Kd5 {[%emt 0:00:08]} Kf4 {[%emt 0:00:06]} 91. Re6 {[%emt 0:00:29]} Qd7+ {[%emt 0:00:41]} 92. Rd6 {[%emt 0:00:04]} Qb5+ {[%emt 0:00:07]} 93. Ke6 {[%emt 0:00:09]} Qf5+ {[%emt 0:00:10]} 94. Ke7 {[%emt 0:00:03]} Ke5 {[%emt 0:00:24]} 95. Rc6 {[%emt 0:00:50]} Qh7+ {[%emt 0:00:12]} 96. Kd8 {[%emt 0:00:12]} Kd5 $19 {[%emt 0:00:18]} (96... Qh4+ $142 97. Kd7 Qa4 98. Kc7 Qa7+ 99. Kd8 Qb8+ 100. Kd7 Qb7+ 101. Rc7 Qd5+ 102. Kc8 Ke6 103. Rb7 Qc4+ 104. Rc7 Qa4 105. Rb7 Kd6 106. Kb8 Qd4 107. Rb1 Kc6 108. Rc1+ Kb6 109. Rb1+ Ka6 110. Kc8 Qc4+ 111. Kd7 Qd3+ 112. Ke6 Qxb1 113. Kf6 Qb5 114. Kg6 Kb6 115. Kh6 Qf5 116. Kg7 Qg5+ 117. Kh7 Kc6 118. Kh8 Kd6 119. Kh7 Ke7 120. Kh8 Kf8 121. Kh7 Qh5#) 97. Rc7 {[%emt 0:00:28]} Qg8+ {[%emt 0:00:44]} 98. Kd7 {[%emt 0:00:04]} Qb8 {[%emt 0:02:18]} 99. Rc1 {[%emt 0:01:48]} Qd6+ {[%emt 0:01:25]} 100. Kc8 {[%emt 0:00:31]} Qf8+ {[%emt 0:00:53]} 101. Kb7 {[%emt 0:00:11]} Qb4+ {[%emt 0:00:19]} 102. Kc8 {[%emt 0:00:16]} Qg4+ {[%emt 0:00:05]} 103. Kb7 {[%emt 0:00:10]} Qg7+ {[%emt 0:00:23]} 104. Kc8 {[%emt 0:00:18]} Qh8+ {[%emt 0:00:19]} 105. Kb7 {[%emt 0:00:17]} Qb2+ {[%emt 0:00:05]} 0-1